| 000 | 01255nam a2200265 i 4500 | ||
|---|---|---|---|
| 001 | 169835 | ||
| 003 | ES-MaACL | ||
| 005 | 20250927110309.0 | ||
| 008 | 081204s1822 fr |||| | fre d | ||
| 080 | _a821.133.1-293 | ||
| 245 | 0 | 0 |
_aSuite du répertoire du théâtre français, avec un choix des pièces de plusieurs autres théâtres. _pOpéras comiques en prose. _nIX / _carrangées et mises en ordre par M. Lepeintre. |
| 260 |
_aParis : _bMme Veuve Dabo, _c1822 ( _fSenlis) |
||
| 300 |
_a311 p. ; _c14 cm. |
||
| 490 | 1 |
_aSuite du répertoire du théatre français ; _v64 |
|
| 500 | _aÍndice. | ||
| 500 | _aEnc. con: Suite du répertoire du théâtre français ; 63. | ||
| 505 | 8 |
_aContiene: ; _tLe médecin turc / _rpar MM. Armand-Gouffé et Villers. -- _tLe jockei ; Le secret ; Le trésor supposé ; Les rendez-vous bourgeois / _rpar M. Hoffmann. |
|
| 597 | _a2 tomos en 1 v. | ||
| 700 | 1 |
_aGouffé, Armand. _9139004 |
|
| 700 | 1 |
_aHoffman, François-Benoît. _9139005 |
|
| 700 | 1 |
_aLepeintre-Desroches, Pierre-Marie-Michel, _d1785-1847 _9138972 |
|
| 830 | 0 |
_aSuite du répertoire du théatre français ; _v64 _9188890 |
|
| 852 | 4 |
_aES-MaACL _jE-12316(2) _9R.190455 _z- Biblioteca Jacinto Martínez Lacalle |
|
| 999 |
_c169835 _d169835 |
||